Complete the Card - WWE Judgment Day 2008 - Statistics

General Stats
  • This quiz has been taken 12 times
  • The average score is 13 of 17
Answer Stats
Answer % Correct
John Cena
100%
Shawn Michaels
100%
Triple H
100%
Beth Phoenix
83%
Chris Jericho
83%
Edge
83%
John Morrison
83%
Melina
83%
Randy Orton
83%
The Miz
83%
The Undertaker
83%
Mickie James
67%
CM Punk
50%
Jeff Hardy
50%
John Bradshaw Layfield
50%
Kane
50%
MVP
33%
No matching quizzes found
Score Distribution
Percent of People with Each Score
Percentile by Number Answered
Your Score History
You have not taken this quiz